Expresión escrita creativa: hacia la autorrealización personal
Guardat en:
| Autor principal: | |
|---|---|
| Format: | Llibre |
| Idioma: | espanyol |
| Publicat: |
Santiago
CPEIP
1996
|
| Edició: | 1a. ed |
| Matèries: | |
| Etiquetes: |
Afegir etiqueta
Sense etiquetes, Sigues el primer a etiquetar aquest registre!
|
MARC
| LEADER | 00000nam a2200000 a 4500 | ||
|---|---|---|---|
| 001 | UCK1886 | ||
| 003 | CL-VaPUC | ||
| 008 | 041210e19960000CL |||||||||||||||||spa|d | ||
| 082 | 0 | 4 | |a 372.61 |b RAM |2 21 |
| 100 | 0 | |a Ramírez M., Gloria |e author |9 489756 | |
| 245 | 1 | 0 | |a Expresión escrita creativa: hacia la autorrealización personal |
| 250 | |a 1a. ed | ||
| 300 | |a 97 p | ||
| 942 | |c BK | ||
| 945 | |d 20041210 00:00:00 |a vberengu | ||
| 260 | |a Santiago |b CPEIP |c 1996 | ||
| 650 | 0 | |a Educación lingüística |9 306506 | |
| 650 | 0 | |a Escritura creativa |9 311605 | |
| 650 | 0 | |a Métodos de enseñanza |9 270413 | |
| 583 | |a last modification |c 20041210 00:00:00 |k Rodrigo Vera | ||
| 999 | |c 311657 |d 311655 | ||
| 952 | |0 0 |1 0 |4 0 |6 372_610000000000000_RAM_1996 |7 0 |8 A |9 381192 |a BIBEDU |b BIBEDU |d 2019-11-21 |i 4084624 |o 372.61 RAM 1996 |p 4084624 |r 2019-11-21 |w 2019-11-21 |y BK |k EBA | ||